000 00313nam a22001457a 4500
008 221116b ||||| |||| 00| 0 eng d
020 _a9780803615717
041 _aeng
080 _a616
082 _a616 CAP
100 _a14.2
101 _aPAT
245 _aPATHOPHYSIOLOGY
_cCAPRIOTTI TH
942 _2udc
_cBK
999 _c58910
_d58910